00790nam a22002297a 450000500170000001000130001702000230003003500130005303700160006604000120008208200150009410000310010924500640014026000510020427000490025530000290030465000220033365000310035594200240038699900190041095201310042920170124105912.0 aA-709417 c150.00a8174350039 aA-709417 bCen Lib/Ret aDPLbEN a270.3bALT aAltaf Ahmad Kherie9107240 aComprehensive guide-book of islam /cby Altaf Ahmad Kherie a DelhibAdam Publishers and Distributorsc1994 b DelhiaShandar market, Chitli qabare110006 axxxiii, 467p. c21cm(Hb) aIslam y 9107241 aArticles of faith 9107242 2ddccENh270.3mALT c122589d122589 001040718REFaLbLd2015-05-28eCen Lib/Retg150.00l0o270.3 ALTpA-709417r2015-05-28 00:00:00t1v150.00w2015-05-28yEN